Geometry Dash Extreme Demons A-Z - Statistics

General Stats
  • This quiz has been taken 215 times
  • The average score is 18 of 26
Answer Stats
Letter Level % Correct
A Artificial Ascent + 78 others
97%
B Bloodbath + 47 others
94%
C Cataclysm + 74 others
91%
D Digital Descent + 64 others
85%
S Sonic Wave + 95 others
83%
T The Ultimate Phase + 86 others
83%
E Erebus + 48 others
82%
F Falling Up + 54 others
77%
Z Zodiac + 8 others
75%
K Kocmoc + 14 others
72%
Y Yatagarasu + 4 others
72%
L Limbo + 27 others
68%
P Phobos + 42 others
66%
R Red World Rebirth + 40 others
63%
Q Quantum Processing + 7 others
62%
H HyperSonic + 28 others
61%
X xo + 6 others
60%
O Ouroboros + 23 others
58%
M M A N I X + 51 others
57%
W WaveBreaker + 19 others
56%
G Glowy + 28 others
55%
N Niflheim + 33 others
53%
I Idols + 34 others
51%
J Just Dance + 6 others
46%
V Violently X + 21 others
46%
U Under Lavaland + 14 others
40%
No matching quizzes found
Score Distribution
Percent of People with Each Score
Percentile by Number Answered
Your Score History
You have not taken this quiz